Statistiques concernant Toutes les capitales d'Amérique du Sud

Cliquez ici pour prendre le quiz!

Statistiques générales

  • Ce quiz a été pris 121 fois
  • Le résultat moyen est 11 sur 16

Statistiques - réponses

PAYSCAPITALE% Correct
ARGENTINEBuenos Aires
98%
BRÉSILBrasilia
96%
CHILISantiago
93%
BOLIVIELa Paz
87%
ÉQUATEURQuito
86%
PÉROULima
84%
BOLIVIESucre
84%
COLOMBIEBogota
82%
PARAGUAYAsuncion
71%
URUGUAYMontevideo
69%
VENEZUELACaracas
67%
GUYANE FRANÇAISECayenne
52%
SURINAMEParamaribo
48%
GUYANAGeorgetown
47%
CHILIValparaíso
6%
ÎLES MALOUINESStanley
4%

Distribution des résultats

Percentile par nombre de réponses

% des personnes avec chaque résultat

Votre développement - résultats

Vous n’avez pas pris ce quiz